Sport par lettre - C - Statistiques

Statistiques générales
  • Ce quiz a été pris 133 fois
  • Le résultat moyen est 13 sur 20
Statistiques - réponses
Hint Réponse % Correct
Type de nage généralement utilisé dans les compétitions de nage libre Crawl
93%
Chaine de télévision privée française qui diffuse notamment le Top 14 Canal +
85%
Dans un usage impropre, on l'appelle parfois "pétanque sur glace" Curling
84%
Sport collectif très peu pratiqué en France mais extrêmement populaire dans les pays du sous-continent indien Cricket
82%
Rugbyman populaire, il est nommé sportif préféré des Français de l'année 2009 Sébastien Chabal
80%
Meilleur marqueur à trois points de l'histoire de la NBA Stephen Curry
78%
Père des jeux olympiques modernes Pierre de Coubertin
77%
Chanson entonnée par le stade Bollaert-Delelis lors du début de chaque seconde mi-temps : "Les ..." Corons
73%
Lors du tour de France, celle-ci passe en général deux heures avant les coureurs Caravane
68%
En MMA, terme qui désigne le lieu où prend place le combat Cage
67%
Club de football vainqueur de la Ligue Conférence en 2025 Chelsea
66%
Cycliste espagnol faisant partie des sept coureurs à avoir remporté les trois grands tours Alberto Contador
65%
A mettre sous ses semelles pour ne pas glisser Crampons
65%
Se tient au Maroc entre décembre 2025 et janvier 2026 Coupe d'Afrique des nations
60%
Médaillé de bronze aux JO d'hiver de 1994 et 1998, il forme ensuite un duo iconique avec Nelson Monfort Philippe Candeloro
59%
Discipline qui combine le saut à ski et le ski de fond Combiné nordique
53%
Organisation créée par ce dernier et aujourd'hui dirigée par Thomas Bach Comité international olympique
43%
Dans le même sport, il fut sélectionneur de l'équipe de France masculine pendant plus de 15 ans Vincent Collet
41%
Spécialiste de cette nage, ce nageur brésilien a remporté trois médailles olympiques César Cielo
31%
Surnommé le "campionissimo", il est lui le premier coureur à réaliser le doublé Tour d'Italie-Tour de France en 1949 Fausto Coppi
26%
Aucun quiz correspondant
Distribution des résultats
% des personnes avec chaque résultat
Percentile par nombre de réponses
Votre historique - résultats
Vous n’avez pas pris ce quiz